[Event "Chess House GM-Tourney 2019"]
[Site "Aarhus"]
[Date "2019.02.14"]
[Round "6.4"]
[White "Kollars, Dmitrij"]
[Black "Zumsande, Martin"]
[Result "1-0"]
[WhiteElo "2567"]
[BlackElo "2492"]
[Annotator "TA"]
[PlyCount "93"]
[EventDate "2019.02.09"]
[EventType "tourn"]
[EventCountry "DEN"]
[SourceTitle "playchess.com"]
[Source "ChessBase"]
[SourceQuality "1"]

{[%evp 18,93,16,8,29,28,29,31,42,0,0,-25,-18,-17,-22,-20,0,9,31,0,0,-8,0,-5,39,29,49,29,29,43,29,41,523,497,854,847,851,850,822,844,805,804,1832,1764,4770,1874,5612,5057,1053,380,241,302,929,416,373,247,5783,480,422,386,1141,298,409,404,378,368,12794,12793,908,8093,5866,5482,29990,29982,29996,29997,29997,29998]} 1. e4 e6 2. d4 d5 3. Nc3 Nf6 4. e5 Nfd7 5. f4 c5 6. Nf3 Nc6 7. Be3 cxd4 8. Nxd4 Bc5 9. Qd2 O-O 10. O-O-O Bxd4 {C11: French: Classical System: 4 e5 and 4 Bg5 dxe4} 11. Bxd4 Qa5 12. Kb1 Rb8 {White is slightly better.} 13. h4 b5 {[%cal Bb7b5,Bb5b4][%mdl 32]} 14. h5 Nxd4 15. Qxd4 b4 16. Ne2 Nc5 17. Nc1 Bd7 {[#]} 18. Bd3 $146 ({Predecessor:} 18. h6) 18... Qc7 19. g4 a5 20. f5 exf5 21. h6 {[#] Threatens to win with hxg7.} g6 $1 22. gxf5 $1 {Black must now prevent e6.} Nxd3 23. e6 {[%csl Gh6][%cal Rd4g7]} Qe5 24. Qxd3 fxe6 $2 {[%mdl 8192]} (24... Bb5 $1 $14 25. Qd4 (25. Qxd5 $2 Qxd5 26. Rxd5 Bc6 $19) 25... Qxd4 26. Rxd4 fxe6 27. fxe6 Rbe8) 25. fxg6 $18 Bb5 (25... b3 $142 26. axb3 a4 27. gxh7+ Kh8) 26. gxh7+ Kh8 27. Qg6 {[#] Threatening mate with Rdg1.} Qf6 28. Qg3 Kxh7 29. Rdg1 Rfc8 30. Nd3 Bxd3 31. Qxd3+ (31. cxd3 $142 b3 32. axb3) 31... Kh8 32. Rf1 ({Less strong is} 32. Rg7 Qf5 $14) 32... Qe7 33. Qd4+ $2 (33. h7) 33... e5 34. Qxd5 Rc5 $2 (34... Qc5 35. Qf7 Rg8 36. Qf6+ Kh7) 35. Qg2 (35. Qe4 $142 {aiming for h7.} b3 36. axb3) 35... Rg8 36. Qe2 Qh7 $2 (36... Rcc8 37. Rf5 Rce8) 37. Qf2 (37. Qf3 $142 {Intending Qf6+ and mate.} Qe7 38. h7) 37... Rc6 38. Qh2 Rc5 $2 (38... Qe7 39. h7 Rg5) 39. Rf2 $2 (39. Rhg1 Rgc8 40. Rf2) 39... Rd5 40. Rd2 Qe4 {( -> ...Rxd2)} 41. h7 Rgd8 $2 (41... Rg7 42. Rhd1 Rxd2 43. Qxd2 Kxh7 44. Qh2+ Kg8 45. Rd8+ Kf7 46. Qh5+ Rg6) 42. Rxd5 Qxd5 43. b3 Rd7 44. Qh5 {White wants to mate with Qe8+.} Qe6 45. Rg1 {White mates.} Rxh7 46. Qg5 Rd7 47. Qh4+ {Accuracy: White = 58%, Black = 35%.} 1-0

[Event "Chess House GM-Tourney 2019"]
[Site "Aarhus"]
[Date "2019.02.14"]
[Round "6.5"]
[White "Olsen, Filip Boe"]
[Black "Fries-Nielsen, Jens Ove"]
[Result "1/2-1/2"]
[WhiteElo "2397"]
[BlackElo "2371"]
[Annotator "TA"]
[PlyCount "107"]
[EventDate "2019.02.09"]
[EventType "tourn"]
[EventCountry "DEN"]
[SourceTitle "playchess.com"]
[Source "ChessBase"]
[SourceQuality "1"]

{[%evp 13,107,18,22,22,17,17,22,14,14,23,19,14,26,18,30,18,20,27,41,23,23,14,37,21,41,26,38,31,92,90,122,97,145,137,139,122,206,227,220,218,359,334,366,348,319,335,673,360,303,231,213,226,260,260,260,260,260,259,268,271,305,316,315,312,300,287,317,318,335,309,310,310,509,491,1322,1349,1259,1215,899,800,1253,1109,2545,2262,29959,29961,29959,5423,29964,29965,11184,7586,7586,6491,5405,5401]} 1. d4 d5 2. c4 e6 3. Nc3 Nf6 4. cxd5 exd5 5. Bg5 c6 6. e3 Bd6 7. Bd3 O-O 8. Qc2 {D35: Queen's Gambit Declined: Exchange Variation} h6 9. Bh4 Re8 10. Nge2 {The position is equal.} b6 (10... Nbd7 11. g4 Nf8 12. h3 b5 13. Rg1 Ne6 14. f4 Bxf4 15. Bh7+ Kh8 16. exf4 Nxd4 17. Qd3 Nxe2 18. Nxe2 Qa5+ {0-1 (45) Mamedyarov,S (2809)-Kramnik,V (2800) Moscow 2018}) 11. a3 Bb7 12. O-O Nbd7 13. Rac1 $146 ({Predecessor:} 13. b4 a5 14. b5 c5 15. Rfd1 c4 {0-1 (36) Gajewski,G (2598)-Nabaty,T (2670) Stockholm 2019}) 13... Qb8 14. Bg3 Bxg3 15. Nxg3 c5 16. dxc5 bxc5 17. Bb5 Re6 18. b4 cxb4 19. axb4 Ne5 20. Rfd1 Neg4 (20... Rb6 $14) 21. Be2 Rc6 22. Qb2 Ne5 23. Nf5 Re6 24. Nb5 {aiming for Nc7.} Nc4 (24... Ne8 $16 25. h3 Qd8) 25. Bxc4 $18 dxc4 26. Nbd6 (26. Rxc4 Ba6 $17) 26... Ba6 (26... Be4 $142) 27. b5 ({Weaker is} 27. Nxc4 Bxc4 28. Rxc4 a5 $16) 27... Qb6 28. Qa1 Bb7 29. Rxc4 a6 $2 {[#]} (29... h5 30. Rf4 Rd8) 30. Ra4 Kh7 31. bxa6 Rxa6 32. Rxa6 ({Worse is} 32. Nxf7 Qc6 $11) 32... Bxa6 33. Nxf7 Be2 34. Rd6 Rxd6 35. N7xd6 ({Don't take} 35. N5xd6 Qb4 $18) 35... Qc7 36. h3 Bh5 37. Qe5 Bg6 38. Qe7 Qxe7 39. Nxe7 {[%mdl 4096] Endgame KBN-KNN} Bd3 40. f3 g6 41. Kf2 Kg7 42. e4 Nh5 $2 (42... Nd7 43. Nd5 h5) 43. Nd5 Nf6 (43... g5 $142 44. Nb4 Bb1) 44. Nxf6 Kxf6 {KB-KN} 45. f4 Ke6 {[#]} 46. e5 $1 Kd5 47. Nf7 g5 48. g3 gxf4 49. gxf4 h5 50. Ke3 (50. h4 $142 Ke4 51. Nd6+ Kxf4 52. e6 Bc2 53. e7 Ba4 54. e8=Q Bxe8 55. Nxe8) 50... Bf5 51. h4 Bg6 52. Ng5 {White is clearly winning.} Bf5 53. Nf3 Bg6 54. Nd4 {[%mdl 32768] Accuracy: White = 71%, Black = 25%. . An unexpected result.} 1/2-1/2

[Event "Chess House GM-Tourney 2019"]
[Site "Aarhus"]
[Date "2019.02.15"]
[Round "7.1"]
[White "Ochsner, Bjorn Moller"]
[Black "Kollars, Dmitrij"]
[Result "1/2-1/2"]
[WhiteElo "2476"]
[BlackElo "2567"]
[Annotator "TA"]
[PlyCount "102"]
[EventDate "2019.02.09"]
[EventType "tourn"]
[EventCountry "DEN"]
[SourceTitle "playchess.com"]
[Source "ChessBase"]
[SourceQuality "1"]

{[%evp 24,102,35,0,0,0,27,30,39,28,48,47,96,99,128,115,182,154,148,133,145,144,158,146,145,149,150,147,137,145,152,90,83,81,139,114,128,117,148,136,130,138,160,116,141,55,180,18,31,11,10,-42,92,78,122,121,155,155,155,155,155,155,135,35,35,50,35,58,38,37,37,37,103,74,60,0,0,0,0,0,0]} 1. e4 c5 2. Nf3 e6 3. c3 Nf6 4. e5 Nd5 5. Bc4 Nc6 6. d4 cxd4 7. cxd4 d6 8. O-O Be7 9. exd6 Qxd6 10. Re1 O-O 11. Nc3 Nxc3 12. bxc3 b6 13. Qe2 Bb7 {B22: Sicilian: 2 c3} 14. Bd3 Rfe8 15. Ng5 Bxg5 {White has an edge.} 16. Bxg5 {[#]} h6 $146 ({Predecessor:} 16... Ne7 17. Qg4 Ng6 18. Re3 Qc6 19. Rae1 f5 20. Qh3 h6 21. Bxh6 gxh6 {0-1 (38) Abergel,T (2458)-Saric,I (2641) Novi Sad 2016}) 17. Bd2 $40 {[%mdl 128] White mounts an attack.} e5 18. Qe4 {Strongly threatening Qh7+.} g6 {[%cal Re5d4]} 19. d5 $1 (19. Bxh6 $6 exd4 20. Qh4 (20. Qxe8+ Rxe8 21. Rxe8+ Kh7 $15) 20... Rxe1+ 21. Rxe1 dxc3 $11) 19... f5 (19... Ne7 $16) 20. Qh4 Nd8 21. Bxh6 Nf7 22. c4 e4 23. Bf1 Nxh6 24. Qxh6 Re7 25. Qe3 f4 26. Qd4 Rae8 27. Rab1 ({Better is} 27. a4) 27... Bc8 $16 28. Rbc1 Qc5 (28... Bf5 $142) 29. Qxc5 bxc5 30. Rc3 Bf5 31. Ra3 Kf7 32. Ra5 Rc8 33. Be2 g5 34. Bd1 (34. g4 $16 Bg6 35. h3) 34... Kf6 (34... g4 $1 $14) 35. Bc2 $2 ({White should try} 35. g4 $1 $18 Bg6 36. Ra6+ Kf7 37. Bc2) 35... g4 $1 $11 36. Ra6+ Kg5 $1 37. Ba4 (37. Ra3 $11) 37... Rb8 {[#]} (37... Rh8 $15 {stays ahead.}) 38. d6 $1 $16 {[%cal Rd6e7]} Reb7 {White must now prevent ...Rb1.} 39. Bb5 $1 Rb6 {[#]} 40. Rxb6 $1 (40. Rxa7 Rxd6 41. Rg7+ Kf6 $15) 40... axb6 {[%mdl 4096] Endgame KRB-KRB} 41. d7 Rd8 42. Rd1 Kf6 43. g3 (43. Rd6+ $16 Ke5 44. Rd5+ (44. Rxb6 Bxd7 45. Kf1 Bxb5 $17) 44... Kf6 45. Kf1) 43... f3 $1 $14 44. Rd6+ Ke5 $1 {[%cal Re5d6]} 45. Rd5+ ({Not} 45. Rxb6 $2 Bxd7 46. Bxd7 Rxd7 $19) 45... Kf6 46. Kf1 Be6 $1 {[%cal Re6d5]} 47. Rd6 Ke5 48. Rd1 ({Weaker is} 48. Rxb6 Bxd7 49. Ke1 Bxb5 $17) 48... Kf6 49. Rd6 (49. Ke1 $1 $14) 49... Ke5 $11 {The position is equal.} 50. Rd2 ({Of course not} 50. Rxb6 Bxd7 51. Ke1 Bxb5 $17) 50... Kf6 $1 51. Rd6 Ke5 {Accuracy: White = 63%, Black = 62%.} 1/2-1/2

[Event "Chess House GM-Tourney 2019"]
[Site "Aarhus"]
[Date "2019.02.15"]
[Round "7.2"]
[White "Bjerre, Jonas Buhl"]
[Black "Bach, Matthias"]
[Result "0-1"]
[WhiteElo "2432"]
[BlackElo "2307"]
[Annotator "TA"]
[PlyCount "64"]
[EventDate "2019.02.09"]
[EventType "tourn"]
[EventCountry "DEN"]
[SourceTitle "playchess.com"]
[Source "ChessBase"]
[SourceQuality "1"]

{[%evp 12,64,52,49,59,21,30,10,49,36,38,27,31,30,50,29,37,8,8,9,18,8,8,9,9,11,9,17,9,9,33,37,40,21,27,0,0,0,0,0,0,0,0,0,0,0,0,-6,7,7,7,0,0,0,0]} 1. e4 c5 2. Nf3 Nf6 3. e5 Nd5 4. Nc3 Nxc3 5. dxc3 Nc6 6. Bf4 e6 7. Qd2 Qc7 {B29: Sicilian: 2 Nf3 Nf6 (Nimzowitsch Variation)} (7... h6 8. h4 a6 9. h5 b5 10. a4 b4 11. Bd3 Bb7 12. Be4 Qc7 13. O-O bxc3 14. bxc3 Ne7 15. Bxb7 Qxb7 {1-0 (77) Carlsen,M (2835)-Popov,I (2592) St Petersburg 2018}) 8. O-O-O h6 9. g4 a6 $146 ({Predecessor:} 9... b6 10. Bg2 Bb7 11. h4 O-O-O 12. h5 Be7 13. Rhe1 Na5 14. Kb1 Bd5 15. Qe2 Bc6 16. Bf1 Nb7 17. Bg3 Rhf8 18. c4 Na5 19. Qe3 Bb7 20. Be2 Nc6 {½-½ (20) Rosmann,I (2248)-Gisbrecht,E (2414) Germany 2003}) 10. Bg2 b5 11. Qe3 Bb7 12. Nd2 O-O-O 13. h4 c4 14. Rhe1 d5 15. exd6 $1 Bxd6 16. Bxd6 Rxd6 17. Ne4 Rxd1+ $1 18. Rxd1 {[#] Black must now prevent Nd6+.} Rd8 19. Nc5 Rxd1+ 20. Kxd1 Qh2 21. Qd2 {Intending Qd7+ and mate.} Qc7 22. Ke2 Qe5+ 23. Ne4 (23. Qe3 {seems wilder.} Qxe3+ 24. Kxe3 Kc7 25. Bxc6 Bxc6 26. Nxa6+ Kd6 27. f4) 23... Kc7 $1 {The position is equal.} 24. f4 Qd5 25. Qxd5 exd5 $11 {[%mdl 4096] Endgame KBN-KBN} 26. Ng3 Ne7 27. h5 Kd6 28. Bf3 Bc8 29. Ke3 f6 30. Ne2 Nc6 31. Nd4 Nxd4 32. Kxd4 Bb7 {[%mdl 32768] Accuracy: White = 41%, Black = 71%. . Loss on time!?} 0-1

[Event "Chess House GM-Tourney 2019"]
[Site "Aarhus"]
[Date "2019.02.15"]
[Round "7.3"]
[White "Zumsande, Martin"]
[Black "Thybo, Jesper Sondergaard"]
[Result "1/2-1/2"]
[WhiteElo "2492"]
[BlackElo "2517"]
[Annotator "TA"]
[PlyCount "122"]
[EventDate "2019.02.09"]
[EventType "tourn"]
[EventCountry "DEN"]
[SourceTitle "playchess.com"]
[Source "ChessBase"]
[SourceQuality "1"]

{[%evp 10,122,33,25,24,19,38,10,10,2,21,0,0,0,0,-4,6,16,17,4,12,-33,29,-60,-58,-46,-54,-49,-45,-40,26,14,27,19,92,0,0,0,0,0,0,0,0,0,35,31,31,37,19,0,18,10,12,0,0,0,20,14,40,0,6,0,16,0,45,10,10,14,37,14,28,0,9,8,24,15,25,16,16,19,19,19,14,18,27,6,8,0,0,0,0,0,0,0,0,0,0,0,8,8,8,7,8,0,8,8,8,0,0,0,0,0,0,0,0]} 1. e4 e5 2. Nf3 Nc6 3. Bc4 Nf6 4. d3 h6 5. O-O d6 6. Re1 g5 {C55: Two Knights: 4 d3, 4 d4 exd4 5 e5 and Max Lange Attack} 7. c3 Bg7 (7... g4 8. Nfd2 Nh5 9. Nf1 Nf4 10. d4 Qf6 11. Na3 Be7 12. Nc2 Bd7 13. Nce3 exd4 14. Nf5 {0-1 (40) Najer,E (2670)-Fedoseev,V (2719) St Petersburg 2018}) 8. Na3 O-O 9. Bb3 Re8 10. Nc4 d5 11. exd5 Nxd5 12. Ba4 f6 $146 ({Predecessor:} 12... Nb6 13. Bxc6 bxc6 14. Ncxe5 {½-½ (53) Souleidis,G (2401)-Hector,J (2479) Germany 2018}) 13. d4 e4 14. Nfd2 f5 $1 15. Nf1 Be6 ({Black should try} 15... f4 $15) 16. Ne5 (16. Nce3 $11) 16... Nxe5 $15 17. Bxe8 Nd3 18. Ba4 $1 Nxe1 19. Qxe1 c5 (19... Qe7 $15) 20. dxc5 $11 Qa5 21. Bb3 Re8 (21... Qxc5 $11 22. g4 f4) 22. Bxd5 ({Better is} 22. Ne3 $16 Nxe3 23. Bxe3) 22... Bxd5 23. Be3 Rd8 24. Qe2 Bf7 25. Rd1 Rxd1 26. Qxd1 Qxa2 27. Qd8+ Kh7 28. Qe7 Qd5 29. g3 Kg8 30. h4 Bf8 31. Qf6 Bg7 32. Qe7 gxh4 33. Qxh4 Qd1 34. Kg2 (34. Bd4 $5 Bxd4 35. Qd8+ {[%mdl 64] Pin} Kg7 36. Qxd4+ Qxd4 37. cxd4 $11) 34... Qf3+ 35. Kg1 Qd1 36. Kg2 Qd5 37. Nd2 Kh7 38. Qe7 {c4 is the strong threat.} Kg8 39. c4 Qc6 40. b4 a6 (40... Bf6 $5 41. Qd6 $8 Qxd6 42. cxd6 Be6 $11) 41. Qd8+ Kh7 42. Kg1 Be5 {[#]} 43. b5 $1 {[%mdl 512]} axb5 44. cxb5 Qxb5 45. Qe7 Qe8 46. Qxb7 {And now c6 would win.} Kg6 47. Qb6+ Qe6 {The position is equal.} 48. Nc4 Bf6 $1 49. Nd6 Qd5 50. Qb1 Be6 51. Qc1 (51. Ne8 {keeps more tension.} Be5 52. Kg2 Bd7 53. Nd6 Bf6 54. Qb8) 51... Bb2 52. Qd2 (52. Qe1 {is more complex.} Bf6 53. Kg2 f4 54. gxf4 Qh5 55. Kg1) 52... Qxd2 53. Bxd2 {[%mdl 4096] Endgame KBB-KBN} Bd5 54. Nc8 Kf7 55. Bxh6 Ke6 56. Be3 Kd7 57. Nd6 Be6 58. f3 exf3 59. Kf2 Be5 60. Kxf3 Bd5+ 61. Kf2 Bxd6 {Accuracy: White = 46%, Black = 56%.} 1/2-1/2

[Event "Chess House GM-Tourney 2019"]
[Site "Aarhus"]
[Date "2019.02.15"]
[Round "7.4"]
[White "Fries-Nielsen, Jens Ove"]
[Black "Grivas, Efstratios"]
[Result "1/2-1/2"]
[WhiteElo "2371"]
[BlackElo "2413"]
[Annotator "TA"]
[PlyCount "103"]
[EventDate "2019.02.09"]
[EventType "tourn"]
[EventCountry "DEN"]
[SourceTitle "playchess.com"]
[Source "ChessBase"]
[SourceQuality "1"]

{[%evp 9,103,-28,2,-25,-19,-31,-13,-28,0,-16,0,0,0,0,-16,-14,0,0,0,0,19,-31,-37,-34,-29,-37,-31,-18,-19,-26,-20,-27,-42,-67,-42,-53,-52,-72,-33,-30,-31,-17,-22,-10,-26,0,0,0,85,85,63,74,62,66,68,43,61,0,0,0,57,81,83,-71,17,-187,0,0,0,0,0,0,0,0,0,0,0,0,0,0,0,0,0,0,0,-55,0,0,5,9,9,9,5,6,9,5]} 1. Nf3 c5 2. d3 d5 3. Nbd2 Nc6 4. e4 e6 5. c3 Bd6 6. Qe2 {next exd5 is good for White. B40: Sicilian: 2...e6, Unusual lines} Nge7 7. g3 O-O 8. Bg2 a5 9. O-O b6 10. a4 $146 ({Predecessor:} 10. Re1 Ba6 11. exd5 exd5 12. Nf1 Qd7 13. Ne3 {0-1 (32) Sibarevic,M (2349)-Vukic,M (2504) Vitez 2006}) 10... Ba6 11. Rd1 Qd7 12. Nb1 dxe4 13. Qxe4 f5 14. Qe2 e5 15. Qc2 Bc7 16. Na3 Rad8 {[%cal Ra6d3]} 17. Nb5 {Threatens to win with Qb3+.} Bb8 18. Bg5 h6 19. Bxe7 Nxe7 20. Re1 Ng6 21. Qb3+ Kh8 22. Rad1 Bb7 23. Qc2 Qf7 24. Qe2 $1 f4 25. Ng5 hxg5 26. Qh5+ Kg8 27. Bxb7 Qxb7 28. Qxg6 fxg3 (28... Qf3 $11 {remains equal.}) 29. hxg3 $16 Qf3 30. Rd2 $1 Rf6 31. Qe4 Qh5 32. Kg2 Rh6 33. Kg1 (33. Kf1 $14) 33... Rf8 {aiming for ...Qh2+.} 34. Qg2 Rf3 (34... g4 $11) 35. Re4 $14 g4 36. Kf1 $2 (36. Na3 $1 $16 {keeps the pressure on.}) 36... Qf5 (36... Qg5 $17 37. Ke1 Rh3) 37. Ke2 $2 {[#]} (37. Na3 $11) 37... Rf6 $2 ({Better is} 37... c4 $1 $19 {[%cal Rc4d3][%mdl 512] White must now prevent ...cxd3+.} 38. Re3 (38. dxc4 Rxf2+) 38... Rf6) 38. Ke1 $11 Bd6 {Strongly threatening ...c4!} 39. Na3 $1 {[#]} c4 $1 {[%mdl 512]} 40. Nxc4 {And now Ne3 would win.} Bc5 {[%cal Rc5f2]} 41. Ne3 ({Much weaker is} 41. Rxe5 Bxf2+ 42. Qxf2 (42. Rxf2 Qxd3 43. Rxf3 gxf3 $19) 42... Rxf2 $17) 41... Bxe3 $1 42. Rxe3 Qe6 43. Re4 Qa2 {...Qb1+ is the strong threat.} 44. Ke2 Qd5 (44... Qb1 $5 45. Qf1 $8 Rxf2+ 46. Qxf2 Rxf2+ 47. Kxf2 Qh1 $11) 45. c4 ({Don't blunder} 45. Rxg4 $2 {[#]} Re3+ $1 {[%mdl 512]} 46. Kf1 Re1+ $1 {[%mdl 512]} 47. Kxe1 Qxg2 $19) 45... Qc5 46. Ke1 $1 Qb4 47. Rxe5 (47. c5 $11 Qxc5 48. Rc4) 47... Rxd3 ({Black should try} 47... b5 $1 $15 48. Qh1 (48. cxb5 $2 Rxd3 49. Qa8+ Rf8 $19) 48... Rh6) 48. Re8+ {The position is equal.} Kf7 $132 {[%mdl 2048] Black puts up resistance} 49. Qb7+ Kxe8 50. Qe4+ {[%mdl 64] Double Attack} Kf7 51. Qxd3 Qxa4 52. Qd7+ {Accuracy: White = 61%, Black = 61%.} 1/2-1/2

[Event "Chess House GM-Tourney 2019"]
[Site "Aarhus"]
[Date "2019.02.15"]
[Round "7.5"]
[White "Kotronias, Vasilios"]
[Black "Olsen, Filip Boe"]
[Result "0-1"]
[WhiteElo "2486"]
[BlackElo "2397"]
[Annotator "TA"]
[PlyCount "72"]
[EventDate "2019.02.09"]
[EventType "tourn"]
[EventCountry "DEN"]
[SourceTitle "playchess.com"]
[Source "ChessBase"]
[SourceQuality "1"]

{[%evp 21,72,13,5,8,12,0,14,9,0,1,8,-23,-10,-28,-12,-17,0,0,0,0,15,33,60,0,0,-104,-87,-72,-85,-160,-165,-189,-193,-202,-178,-277,-295,-375,-347,-391,0,0,0,-335,-319,-320,-305,-781,-762,-1100,-1101,-1289,-1289]} 1. e4 c6 2. d4 d5 3. Nc3 {[%cal Bb1c3,Bc3e4,Be4g5][%mdl 32]} dxe4 4. Nxe4 Nd7 5. Ng5 Ngf6 6. Bd3 e6 7. Qe2 Bd6 8. N1f3 h6 9. Ne4 Nxe4 10. Qxe4 Qc7 11. O-O b6 12. Qg4 {B17: Caro-Kann: Modern Line (4...Nd7)} Kf8 $1 13. Re1 Bb7 (13... c5 14. Qh4 Bb7 15. Be4 Be7 16. Qh3 Bxe4 17. Rxe4 Rd8 18. c3 Qb7 19. Re2 Kg8 {½-½ (75) Duda,J (2707)-Ivanchuk,V (2728) Tbilisi 2017}) 14. b3 {The position is equal.} Nf6 15. Qh3 Bb4 16. Bb2 Bxe1 17. Rxe1 Re8 18. Ne5 $146 ({Predecessor:} 18. Qh4 Qd8 19. h3 Qe7 {1-0 (69) Necula,I (2357)-Rodriguez Rey,J (2342) ICCF email 2015}) 18... Kg8 19. Re3 {[%cal Be1e3,Be3f3,Bf3f4][%mdl 32]} h5 20. Rf3 {Threatens to win with Rxf6!} h4 21. Rf4 b5 22. Ba3 (22. a3 $14) 22... Rh6 $1 $11 {Hoping for ...Qa5.} (22... Qa5 $2 23. Rxf6 $1 {[%mdl 512]} Qxa3 24. Rxf7 $18) 23. Bb4 {[#]} (23. Qe3 $11 {keeps the balance.}) 23... c5 $1 $17 {[%cal Rc5b4]} 24. Bxc5 Qa5 $36 {[%mdl 2048] Black is in control.} 25. Bf1 ({White should try} 25. Rxh4 Qe1+ 26. Bf1) 25... Qd2 26. Qe3 Qxc2 27. Qe1 a6 28. Bd3 (28. h3 $142) 28... Qxa2 $19 29. h3 Qxb3 30. f3 {[#]} g5 $2 {[#]} (30... a5 $1 $19 {White must now prevent ...b4.} 31. Kh2 (31. Qxa5 Qd1+) 31... b4 32. Rxh4 Qc3 33. Qxc3 bxc3 34. Rxh6 gxh6) 31. Rxf6 $1 $11 {[%mdl 512]} Rxf6 32. Nd7 $2 {[%mdl 8192] [#]} (32. Ng4 $11 Rf4 33. Qe3 Qd1+ 34. Kh2) 32... Rf4 $1 $19 33. Qe5 {[#]} Qd1+ $1 ({Not} 33... Qxd3 34. Qxg5+ Qg6 35. Qxf4 $17) ({Worse is} 33... f6 34. Nxf6+ Kf7 35. Nh5 Qd1+ 36. Kh2 Qg1+ 37. Kxg1 Rg8 38. Qc7+ {[%mdl 64] Double Attack} Ke8 39. Qe7#) 34. Bf1 $2 (34. Kh2 Qxd3 35. Qxg5+ Qg6 36. Qxf4 Qg3+ 37. Qxg3+ hxg3+ 38. Kxg3) 34... Rf5 {Black is clearly winning.} 35. Nf6+ Kh8 36. Qc7 Bxf3 {Accuracy: White = 44%, Black = 61%.} 0-1

[Event "Chess House GM-Tourney 2019"]
[Site "Aarhus"]
[Date "2019.02.16"]
[Round "8.1"]
[White "Thybo, Jesper Sondergaard"]
[Black "Ochsner, Bjorn Moller"]
[Result "1-0"]
[WhiteElo "2517"]
[BlackElo "2476"]
[Annotator "TA"]
[PlyCount "105"]
[EventDate "2019.02.09"]
[EventType "tourn"]
[EventCountry "DEN"]
[SourceTitle "playchess.com"]
[Source "ChessBase"]
[SourceQuality "1"]

{[%evp 22,105,0,0,10,-14,38,29,37,34,27,21,29,16,17,0,129,128,119,122,115,127,128,133,106,107,106,120,166,166,185,170,253,243,250,256,235,180,183,187,197,175,170,139,148,140,179,179,183,174,180,160,345,335,375,383,366,360,412,418,410,412,620,620,620,614,585,585,585,223,585,585,585,562,29960,29961,29959,29957,29968,29969,6187,6179,6179,567,2004,1868]} 1. d4 Nf6 2. c4 e6 3. Nf3 d5 4. Nc3 dxc4 5. e3 a6 6. a4 c5 7. Bxc4 Nc6 8. O-O Be7 9. Ne5 cxd4 10. Nxc6 bxc6 11. exd4 O-O 12. a5 Bb7 {D27: Queen's Gambit Accepted: Classical main line: 7 e4!? and 7 a4} 13. Bg5 $146 ({Predecessor:} 13. Be3 Nd5 14. Ne4 Nxe3 15. fxe3 c5 16. Nxc5 Bxc5 17. dxc5 Qg5 18. Qe2 Qxc5 19. Rf4 Rad8 20. b3 {0-1 (27) Safin,S (2529)-Xu,J (2646) Kolkata 2001}) 13... Qd6 (13... h6 $11 14. Be3 Qc7) 14. Na4 $14 Rfd8 {White has an edge.} 15. Qe2 Qc7 16. Nb6 Rab8 17. Rfd1 c5 18. Rac1 Qd6 {[#]} (18... h6 $11 19. Be3 Qc6) 19. Bh4 $1 $16 {[%cal Rh4g3] Threatens to win with Bg3.} Qc6 {[%csl Gb7][%cal Rc6g2]} 20. d5 $36 {[%mdl 2048] Black is under strong pressure.} exd5 21. Qxe7 Re8 22. Bb5 Qxb5 23. Qxc5 Qxc5 ({But not} 23... Qxb2 $2 24. Bxf6 Qxf6 25. Nd7 $18 (25. Nxd5 Bxd5 26. Qxd5 g6 $11)) 24. Rxc5 Rbd8 25. Rc7 Bc8 26. h3 ({Don't take} 26. Nxc8 $6 Rxc8 27. Rxc8 Rxc8 $16) 26... Be6 (26... Bf5 {was worth a try.} 27. Bxf6 gxf6) 27. Rd4 $18 Rd6 28. Bxf6 gxf6 29. b4 Red8 30. Kh2 Kg7 31. Kg3 Bd7 32. Kf4 ({Much less strong is} 32. Rxd7 $6 R8xd7 33. Nxd7 Rxd7 $14) 32... Bb5 33. h4 Kg8 34. Nc8 Re6 35. Ne7+ {[%mdl 64] [#] Double Attack} Kf8 36. Rxd5 Re8 $2 (36... Ke8 $16 {is a better defense.}) 37. Nf5 Re4+ 38. Kg3 Rxb4 39. Nd6 Re6 40. Nxb5 Rxb5 {[%mdl 4096] Endgame KRR-KRR} 41. Rdd7 h5 (41... h6 $142 42. Rxf7+ Kg8) 42. Rxf7+ Kg8 43. Rg7+ Kh8 44. Rh7+ Kg8 45. Rcg7+ Kf8 46. Ra7 {[%cal Rh7h8]} Kg8 47. Rhc7 {Intending Rc8+ and mate.} Kf8 48. Ra8+ Re8 49. Rxa6 Rf5 50. Raa7 Re6 51. Ra8+ {White is clearly winning.} Re8 52. Rxe8+ Kxe8 53. a6 {Accuracy: White = 83%, Black = 60%.} 1-0